Statistiken für Harry Potter Quiz: Gründer & Farben

Klicken Sie hier um das Quiz zu spielen!

Allgemein

  • Dieses Quiz wurde 208 mal gespielt
    (61 seit der letzten Aktualisierung)
  • Das Durchschnittsergebnis liegt bei 4 aus 8

Antwortstatistiken

HausGründer/ FarbenAntwort% Korrekt
HufflepuffGründerHelga Hufflepuff
88%
GryffindorGründerGodric Gryffindor
82%
SlytherinGründerSalazar Slytherin
76%
RavenclawGründerRowena Ravenclaw
67%
GryffindorFarbenRot und Gold
27%
SlytherinFarbenGrün und Silber
24%
HufflepuffFarbenGelb und Schwarz
22%
RavenclawFarbenBlau und Bronze
14%

Verteilung der Resultate

Perzentil nach korrekt beantworteten Fragen

Anzahl Personen mit jedem Resultat

Ihre Resultats-Entwicklung

Sie haben dieses Quiz seit der letzten Aktualisierung nicht gespielt